| 000 | 00701nam a22002173a 4500 | ||
|---|---|---|---|
| 005 | 20240925065458.0 | ||
| 008 | 010919s1998 mx fr 000 0 spa d | ||
| 020 | _a9802510726 | ||
| 035 | _aUPN01000111759 | ||
| 049 | _aCG | ||
| 050 | 4 |
_aLC189 _bE3.82 |
|
| 245 | 0 | 0 |
_aEducación y transformación social : _bhomenaje a Paulo Freire / _ccomp. Francisco Salinas Ramos. |
| 260 |
_aVenezuela : _bLaboratorio Educativo, _c1998. |
||
| 300 | _a252 p. | ||
| 440 | 0 |
_aCuadernos de educación ; _v150 |
|
| 600 | 1 | 4 |
_aFREIRE, PAULO, _d1921-1997 |
| 650 | 4 |
_aEducación _xAspectos sociales _95311 |
|
| 650 | 4 |
_aSociología de la educación _94896 |
|
| 700 | 1 |
_aSalinas Ramos, Francisco, _ecomp. |
|
| 905 | _aLibro | ||
| 999 |
_c85667 _d85667 |
||